01386nam a22001817a 4500008004100000020001500041050001500056100002000071245008100091250001200172260004100184300002600225500002000251505083300271650003801104650004101142700002101183121116t xxu||||| |||| 00| 0 eng d a0406950016 aKD3989.P37 aParpworth, Neil aConstitutional and administrative law. /cNeil Parpworth and Nicola Padfield a2nd ed. aUnited Kingdom:bButtworths,cc2002. axlvii, 525 p.:c21cm. aIncludes index. aConcepts: Fundamental principles of the constitution: The Meaning of a constitution -- Separation of powers -- Rule of law -- The Royal prerogative -- The Legislative supremacy of parliament -- The Institutional framework of the constitution: Parliament -- The European community and the European Union -- The Structure of the United Kingdom and devolution -- Sources of public law: Primary and secondary legislation -- EC Law -- Constitutional conventions and judge-made law -- Judicial review of administrative action: The Nature of judicial review -- The Grounds for judicial review -- Judicial review remedies -- Alternative means of redress: Tribunals, inquiries and the ombudsman remedy -- Civil liberties: Freedoms and liberties in the UK -- Freedom of expression -- Police powers -- Freedom of assembly and public order. bConstitutional xGreat Britain.  aAdministrative lawx Great Britain.  aPadfield, Nicola